| 000 | nam a22 7a 4500 | ||
|---|---|---|---|
| 999 |
_c7124 _d7124 |
||
| 005 | 20190219022750.0 | ||
| 008 | 190219b xxu||||| |||| 00| 0 eng d | ||
| 020 |
_a9780133684827 _bpaperback. |
||
| 040 |
_beng _cAPEC Schools Library _erda |
||
| 082 |
_aC 531.1133 _bB856so 2011 |
||
| 100 | _aBuckley, Don | ||
| 245 |
_aSound and light / _cDon Buckley, _cZipporah Miller, _cMichael J. Padilla, _cKathryn Thornton, _cMichael E. Wyession |
||
| 264 |
_aUpper Saddle River, NJ : _bPearson Education, _c©2011. |
||
| 300 |
_axx, 156 pages : _bcolored illustrations ; _c27 cm. |
||
| 336 |
_2rdacontent _atext |
||
| 337 |
_2rdamedia _aunmediated |
||
| 338 |
_2rdacarrier _avolume |
||
| 490 | _aInteractive science series. | ||
| 504 | _aIncludes index. | ||
| 600 | _aMiller, Zipporah | ||
| 600 | _aPadilla, Michael J. | ||
| 600 | _aThornton, Kathryn | ||
| 600 | _aWyession, Michael E. | ||
| 650 | _aPhysics--Textbooks. | ||
| 650 | _aScience--Study and teaching (Middle School). | ||
| 650 | _aWaves. | ||
| 650 | _aSound. | ||
| 942 |
_2ddc _cBK |
||